<?xml version="1.0" encoding="UTF-8"?>
<marc:record xmlns:marc="http://www.loc.gov/MARC21/slim">
   <marc:leader>00000nam a2200000 a 4500</marc:leader>
   <marc:datafield ind1="1" ind2=" " tag="100">
      <marc:subfield code="a">Riva, Paolo</marc:subfield>
      <marc:subfield code="4">aut</marc:subfield>
      <marc:subfield code="e">Verfasser/-in</marc:subfield>
   </marc:datafield>
   <marc:datafield ind1=" " ind2=" " tag="653">
      <marc:subfield code="a">Italien</marc:subfield>
   </marc:datafield>
   <marc:datafield ind1=" " ind2=" " tag="653">
      <marc:subfield code="a">Krimi</marc:subfield>
   </marc:datafield>
   <marc:datafield ind1=" " ind2=" " tag="653">
      <marc:subfield code="a">Kriminalroman</marc:subfield>
   </marc:datafield>
   <marc:datafield ind1=" " ind2=" " tag="653">
      <marc:subfield code="a">Toskana</marc:subfield>
   </marc:datafield>
   <marc:datafield ind1=" " ind2=" " tag="653">
      <marc:subfield code="a">Polizei</marc:subfield>
   </marc:datafield>
   <marc:datafield ind1="0" ind2="0" tag="245">
      <marc:subfield code="a">Flüssiges Gold</marc:subfield>
   </marc:datafield>
   <marc:datafield ind1="0" ind2="0" tag="245">
      <marc:subfield code="b">Kriminalroman</marc:subfield>
   </marc:datafield>
   <marc:datafield ind1=" " ind2="1" tag="264">
      <marc:subfield code="b">Hoffmann und Campe</marc:subfield>
      <marc:subfield code="c">2022</marc:subfield>
   </marc:datafield>
   <marc:datafield ind1="1" ind2=" " tag="490">
      <marc:subfield code="a">Bella-Italia-Krimi - Commissario Luca</marc:subfield>
   </marc:datafield>
   <marc:datafield ind1="1" ind2=" " tag="520">
      <marc:subfield code="a">Klappentext: Commissario Luca hat seinen Job in Venedig an den Nagel gehängt und arbeitet nun im größtmöglichen Idyll: Montegiardino, ein Städtchen, das sich am Flusslauf des Arno in die sanften Hänge der Toskana schmiegt. Hier herrscht das Dolce Vita und den Höhepunkt von Lucas Polizistenleben bildet der gelegentliche Auffahrunfall vor der Grundschule.   Da wird an einem trubeligen Markttag mitten auf der zentralen Piazza eine Olivenbäuerin angeschossen. Luca will nicht glauben, dass es die braven Bürger von Montegiardino aufeinander abgesehen haben. Hat die Mafia ihre Finger im Spiel? Als weitere Schüsse fallen, beginnt Luca, das vermeintliche Idyll mit anderen Augen zu sehen.  Über den Autor und weitere Mitwirkende Paolo Riva wurde 1977 in Balerna/Tessin in der italienischsprachigen Schweiz geboren. Seine Mutter ist Italienerin, sein Vater Deutsch-Schweizer. Er studierte deutsche Philologie in München und Philosophie in Rom. In Zürich arbeitete er lange als Werbetexter.   äCommissario Lucaô ist sein Debüt als Romanautor. Riva lebt mit seiner Familie, Hunden und Eseln auf einem Hof in der südlichen Toskana.</marc:subfield>
   </marc:datafield>
   <marc:datafield ind1=" " ind2=" " tag="020">
      <marc:subfield code="a">9783455013290</marc:subfield>
      <marc:subfield code="9">9783455013290</marc:subfield>
   </marc:datafield>
</marc:record>
